[Event "Budapest Spring Festival 2018"]
[Site "Budapest"]
[Date "2018.04.24"]
[Round "7"]
[White "Papp, Gabor"]
[Black "Horvath, Dominik"]
[Result "1-0"]
[WhiteElo "2614"]
[BlackElo "2383"]
[Annotator "TA"]
[PlyCount "51"]
[EventDate "2018.??.??"]
[EventType "swiss"]
[EventCountry "HUN"]
[SourceTitle "playchess.com"]
[Source "ChessBase"]
[SourceQuality "1"]

{[%evp 17,51,22,30,29,24,24,11,11,22,18,30,25,12,0,0,0,-1,-26,15,23,23,18,370,362,371,358,386,395,452,431,441,433,672,647,980,964]} 1. e4 e5 2. Nf3 Nc6 3. Bc4 Bc5 4. O-O Nf6 5. d3 d6 6. c3 a6 7. a4 {C54: Giuoco Piano: 4 c3 Nf6, main lines with 5 d4 and 5 d3} Ba7 8. Re1 h6 9. Nbd2 {[%cal Bb1d2,Bd2f1,Bf1e3][%mdl 32]} g5 {LiveBook: 7 Games} 10. b4 Nh5 {With the idea ...g4.} 11. Nf1 $146 ({Predecessor:} 11. Nb3 g4 12. b5 gxf3 13. Qxf3 Qf6 14. Qxf6 Nxf6 15. bxc6 bxc6 {½-½ (30) Karjakin,S (2760)-Carlsen,M (2837) London 2017}) 11... g4 {[#] White must now prevent ...Qf6.} 12. N3d2 $1 Qf6 13. Ne3 Nf4 14. Ndf1 h5 15. b5 $36 {[%mdl 2048] White is more active.} Ne7 16. bxa6 bxa6 17. Ra2 h4 18. d4 Rg8 19. Kh1 Qh6 $2 {[%mdl 8192] [#]} (19... h3 $11) 20. Nd5 $18 Nexd5 21. Bxd5 (21. exd5 Qf6 $16) 21... Be6 22. g3 (22. Bxa8 Bxa2 23. Bc6+ Kd8 $16) 22... hxg3 23. fxg3 {[%cal Bf2g3,Bg3f4][%mdl 32] White is clearly winning.} Qh3 24. gxf4 ({Weaker is} 24. Bxa8 Bxa2 25. Qd2 (25. gxf4 g3 $15) 25... Be6 $16) 24... g3 (24... Qf3+ $142 25. Qxf3 gxf3 26. fxe5 dxe5 27. Bc6+ Kd8) 25. Rg2 Bg4 26. Qd3 {Precision: White = 80%, Black = 43%.} (26. Bxa8 Bxd1 27. Rxd1 Kd7 $14) 1-0

[Event "Budapest Spring Festival 2018"]
[Site "Budapest"]
[Date "2018.04.24"]
[Round "7"]
[White "Turov, Maxim"]
[Black "Cerovic, Danilo"]
[Result "1-0"]
[WhiteElo "2610"]
[BlackElo "2330"]
[Annotator "TA"]
[PlyCount "71"]
[EventDate "2018.??.??"]
[EventType "swiss"]
[EventCountry "HUN"]
[SourceTitle "playchess.com"]
[Source "ChessBase"]
[SourceQuality "1"]

{[%evp 21,71,33,42,-9,-12,-31,-20,-27,-33,-16,-23,-28,-24,-19,-28,-27,20,10,30,32,13,-59,-60,-70,26,-79,54,52,188,177,345,346,327,339,317,318,293,258,591,590,982,994,989,987,975,962,965,911,862,841,29978,29979]} 1. Nf3 Nf6 2. c4 g6 3. Nc3 d5 4. cxd5 Nxd5 5. Qb3 Nb6 6. d4 Bg7 7. Bf4 {D90: Grünfeld: 4 Nf3 Bg7 sidelines} Be6 8. Qa3 O-O (8... c5 9. Qxc5 Nc6 10. e4 Nxd4 11. Nxd4 Bxd4 12. Bb5+ Kf8 13. Qa3 a6 14. Be2 Nd7 {1-0 (57) Banusz,T (2616)-Sutovsky,E (2689) Austria 2017}) 9. e3 Nc6 10. Be2 a5 11. Qc5 Nd5 {LiveBook: 8 Games} 12. Bg3 $146 ({White should try} 12. Nxd5 $14 Qxd5 13. Qxd5 Bxd5 14. O-O (14. Bxc7 Rfc8 $11)) ({Predecessor:} 12. Nxd5 Qxd5 13. Qxd5 Bxd5 14. O-O Bxf3 15. Bxf3 e5 16. dxe5 Nxe5 {½-½ (35) Drygalov,A (2430)-Gutenev,A (2474) Cheliabinsk 2017}) 12... Ncb4 $1 $11 13. O-O b6 {[%cal Bb7b6,Bb6b5][%mdl 32]} 14. Qb5 c6 15. Qa4 b5 16. Qd1 $1 Nxc3 17. bxc3 Nd5 $1 {[%cal Rd5c3]} 18. Qc2 Rc8 19. a4 b4 20. cxb4 axb4 21. Ba6 (21. Qc5 $11) 21... Ra8 $15 22. Bc4 c5 (22... Nc3 $15 23. Bxe6 fxe6) 23. e4 {[#]} (23. Qb3 $1 $11 {keeps the balance.}) 23... Nc7 (23... Nc3 $1 $17 24. Bxe6 fxe6 25. dxc5 Qc8) 24. d5 $14 {[%cal Bd4d5,Bd5e6,Be6f7][%mdl 32] And now Bxc7 would win.} ({Much worse is} 24. dxc5 Bxa1 25. Rxa1 Bxc4 $17) 24... Bxa1 ({Black should play} 24... Bd7 $14) 25. dxe6 $18 Bg7 $2 (25... Nxe6 26. Rxa1 Nd4 27. Nxd4 Qxd4) 26. exf7+ Kh8 27. Rd1 Qc8 {If only Black now had time for ...Ne6....} 28. Be5 Ne6 29. Qb2 $40 {[%mdl 128] Threatens to win with Bxe6. White has strong attack.} Bxe5 $2 (29... Rxf7 30. Bxe6 Qxe6) 30. Nxe5 {[%cal Re5g6]} Ng7 31. Qd2 {Nxg6+! would kill now.} Ra6 32. Bxa6 Qxa6 {[#]} 33. Qd8 $1 {[%cal Rd8f8][%mdl 512]} Ne6 (33... Rxd8 34. Rxd8+) 34. Qxe7 {White wants to mate with Qf6+.} Kg7 35. h4 Qe2 36. Rd6 {Precision: White = 57%, Black = 29%.} 1-0

[Event "Budapest Spring Festival 2018"]
[Site "Budapest"]
[Date "2018.04.24"]
[Round "7"]
[White "Sedlak, Nikola"]
[Black "Kozak, Adam"]
[Result "1/2-1/2"]
[WhiteElo "2604"]
[BlackElo "2440"]
[Annotator "TA"]
[PlyCount "52"]
[EventDate "2018.??.??"]
[EventType "swiss"]
[EventCountry "HUN"]
[SourceTitle "playchess.com"]
[Source "ChessBase"]
[SourceQuality "1"]

{[%evp 11,52,24,30,23,25,18,13,0,11,24,30,18,14,14,36,21,43,43,18,0,0,0,33,-8,104,-112,-89,-101,-31,-36,-13,-16,-35,-52,0,-94,0,0,0,-63,-50,-136,-141]} 1. Nf3 c5 2. b3 d6 3. e3 Nf6 (3... e5 4. Bb5+ Nc6 5. O-O a6 6. Bxc6+ bxc6 7. c4 Nf6 8. Nc3 Be7 9. d3 O-O 10. Bb2 h6 11. Nd2 {1-0 (54) Carlsen,M (2837)-Nepomniachtchi,I (2729) Riadh 2017}) 4. Bb2 e6 5. c4 b6 6. Be2 {A04: Unusual lines after 1 Nf3 and King's Indian Attack} Bb7 {LiveBook: 3 Games} 7. Nc3 Nbd7 8. Qc2 {White has an edge.} Rc8 $146 ({Predecessor:} 8... a6 9. h3 Be7 10. d4 Qc7 11. a3 {1-0 (87) Eryshkanova,A (2108)-Scheglov,D (1910) St Petersburg 2015}) 9. Rg1 Be7 10. g4 O-O 11. g5 Ne8 $1 12. h4 {[%cal Bh2h4,Bh4h5][%mdl 32]} d5 {[%cal Bd6d5,Bd5d4][%mdl 32]} 13. h5 d4 {[#] Threatens to win with ...Bxf3.} 14. Ne4 e5 15. Bd3 Kh8 16. O-O-O Rc7 17. Rg3 Nd6 (17... Qa8 $11) 18. g6 $2 (18. Nxd6 $16 {is forced if you want to stay better.} Bxd6 19. Bxh7) 18... Bxe4 19. Bxe4 {[#] next Bd5 is good for White.} f5 (19... Nf6 $1 $17 {[%cal Rf6e4]} 20. d3 Nxh5) 20. Bd5 $15 {Black must now prevent h6!} h6 $1 21. d3 Bf6 22. Nd2 Re8 (22... Bh4 $1 $15 23. Rg2 Nf6) 23. e4 (23. Rh3 $11) 23... f4 (23... Bg5 $17 {And now ...fxe4 would win.} 24. exf5 Nxf5) 24. Rg2 a6 25. Nf3 ({White should try} 25. Rgg1 $11) 25... b5 $1 26. Kd2 ({White should play} 26. Nd2 $15) 26... Nb6 {Precision: White = 36%, Black = 57%.} 1/2-1/2

[Event "Budapest Spring Festival 2018"]
[Site "Budapest"]
[Date "2018.04.24"]
[Round "7"]
[White "Deac, Bogdan-Daniel"]
[Black "Tomazini, Zan"]
[Result "1-0"]
[WhiteElo "2578"]
[BlackElo "2424"]
[Annotator "TA"]
[PlyCount "141"]
[EventDate "2018.??.??"]
[EventType "swiss"]
[EventCountry "HUN"]
[SourceTitle "playchess.com"]
[Source "ChessBase"]
[SourceQuality "1"]

{[%evp 22,141,71,79,76,62,79,77,94,85,89,87,129,102,127,104,120,112,212,212,206,196,222,232,227,226,235,227,218,151,136,139,139,139,139,139,139,136,139,139,170,150,172,131,172,166,179,176,179,54,56,0,11,0,0,-34,-42,-54,0,0,0,0,0,0,0,0,0,0,0,0,0,0,8,8,8,8,8,8,8,8,8,8,8,8,8,8,8,8,8,8,8,8,8,8,8,8,376,355,333,343,322,279,29959,29960,7686,7656,5081,4094,5289,1960,1272,0,1362,745,741,705,678,654,29981,29982,29983,29984]} 1. e4 e5 2. Nf3 Nc6 3. d4 exd4 4. Nxd4 Bb4+ 5. c3 Bc5 6. Be3 Bb6 7. Nf5 g6 {C45: Scotch Game} 8. Bxb6 axb6 9. Ne3 Nf6 10. f3 O-O 11. c4 Nh5 12. Qd2 {LiveBook: 15 Games} Ng7 $146 ({Predecessor:} 12... f5 13. Nc3 f4 14. Ned5 Qh4+ 15. Qf2 {1-0 (30) Yu,Y (2729)-Bu,X (2705) Doha 2016}) 13. Bd3 d6 14. O-O f5 15. f4 Be6 16. Nc3 Qf6 17. Rae1 Rae8 18. b3 fxe4 19. Bxe4 Nf5 (19... Qd8 $16 20. Nb5 Qd7) 20. Bxf5 $1 $18 gxf5 {[#]} 21. Nb5 $1 {[%cal Rb5c7]} Re7 {[#]} 22. Nd5 $1 {[%cal Rd5f6]} Bxd5 23. cxd5 Nb8 24. Rxe7 Qxe7 25. Nd4 Nd7 26. Re1 Qf7 27. Ne6 Rc8 28. Re3 Qf6 29. b4 Nf8 30. Qd4 Kf7 31. Ng5+ Kg6 32. Qd2 h6 33. Ne6 {And now Nxf8+ would win.} Kf7 {[%cal Rf8e6]} 34. Nd4 Re8 35. Rxe8 (35. Rc3 $18) 35... Kxe8 $14 36. Qd3 Ng6 $1 37. Qb5+ c6 (37... Kd8 $5 38. Ne6+ $8 Ke7 $11) 38. Qe2+ Ne7 39. Qe3 Kd7 (39... c5 $1 $15 40. bxc5 bxc5) 40. dxc6+ $11 bxc6 41. Qd3 b5 42. a3 h5 43. g3 h4 44. Kf2 hxg3+ 45. hxg3 Qf7 46. Nb3 Qd5 47. Qxd5 Nxd5 {[%mdl 4096] Endgame KN-KN} 48. Nd4 Ne7 49. Kf3 Kc7 50. g4 fxg4+ 51. Kxg4 {White wants to play f5.} Kb6 52. f5 c5 53. Nc2 Nd5 54. Kg5 Kc6 55. f6 Kd7 56. Kf5 Nc7 57. Kg6 {f7 is the strong threat.} Ne6 $1 58. Ne3 {With the idea f7.} Nf4+ $2 {[%mdl 8192]} (58... Ke8 $11 {and Black stays safe.}) 59. Kf5 $18 Ne6 60. Nd5 {White threatens Nb6+ and mate.} Nd8 61. Kg6 {aiming for f7.} c4 $2 (61... cxb4 $18 62. axb4 Ke6 63. Nc7+ Ke5 64. Nxb5 d5) 62. f7 Ne6 63. Kf6 {Nb6+ would kill now.} Nf8 64. Nc3 Kc6 65. Ke7 Ng6+ 66. Kf6 Nf8 67. Ne2 Kd7 68. Nd4 c3 69. Kg7 c2 70. Nxc2 Ne6+ 71. Kf6 {Precision: White = 71%, Black = 54%.} 1-0

[Event "Budapest Spring Festival 2018"]
[Site "Budapest"]
[Date "2018.04.24"]
[Round "7"]
[White "Kulaots, Kaido"]
[Black "Savchenko, Boris"]
[Result "1-0"]
[WhiteElo "2578"]
[BlackElo "2563"]
[Annotator "TA"]
[PlyCount "79"]
[EventDate "2018.??.??"]
[EventType "swiss"]
[EventCountry "HUN"]
[SourceTitle "playchess.com"]
[Source "ChessBase"]
[SourceQuality "1"]

{[%evp 24,79,24,25,34,1,0,0,0,0,0,0,0,0,14,20,6,0,-9,0,23,13,37,-2,173,161,175,171,170,153,167,141,155,96,244,264,329,317,335,329,331,312,479,482,1219,1154,12831,12822,12836,12836,12837,12838,12838,12839,12839,12836,29994,29995]} 1. e4 e6 2. d4 d5 3. Nc3 Bb4 4. e5 c5 5. a3 Bxc3+ 6. bxc3 Qa5 7. Bd2 Qa4 8. Qg4 Kf8 9. h4 {C18: French: 3 Nc3 Bb4: Main line: 7 h4 and 7 Qg4} (9. Qd1 b6 10. dxc5 bxc5 11. c4 Ba6 12. cxd5 Bxf1 13. Kxf1 exd5 14. Nf3 Nd7 15. h4 h5 16. Rb1 Ne7 {½-½ (47) Najer,E (2699)-Harikrishna,P (2733) Antalya 2017}) 9... Nc6 10. h5 h6 11. Qd1 Nge7 12. Nf3 b6 13. Rh4 {LiveBook: 3 Games} c4 {[#]} 14. Rh3 $146 ({Predecessor:} 14. Rf4 Ke8 15. Nh2 Nd8 16. Ng4 Kd7 {1-0 (54) Karthikeyan,M (2578)-Jarmula,L (2470) Tarvisio 2017}) 14... Ke8 {[%cal Bf8e8,Be8d7,Bd7c7][%mdl 32]} 15. g4 Kd7 16. Nh4 Kc7 17. Rf3 Nd8 18. Bh3 Qe8 19. Rg3 Bd7 20. g5 hxg5 21. Bxg5 Ba4 22. Kd2 Ndc6 23. f4 Qf8 $2 (23... Rh7 $1 $11 {and Black is okay.}) 24. f5 $18 exf5 25. Nxf5 Nxf5 26. Bxf5 g6 27. Bg4 gxh5 28. Bxh5 (28. Bh3 $142) 28... Ne7 (28... Nd8 $16 {keeps fighting.}) 29. Qf3 $1 Bd7 {[#]} 30. Rf1 $1 (30. Bxf7 Rh2+ 31. Kc1 Bf5 $14) ({Stronger than} 30. Qxf7 Rxh5 31. Qxf8 Rxf8 $17) 30... Nf5 {aiming for ...Rxh5.} 31. Rg2 ({Don't blunder} 31. Qxd5 $2 Be6 $19) 31... Be6 32. Bg4 Nh4 (32... Ng7 $142 33. Bxe6 Nxe6 34. Qxd5 Re8) 33. Bxh4 $1 Rxh4 (33... Qh6+ $142 34. Kd1 Rag8) 34. Bxe6 Qh6+ {[#]} 35. Kd1 $1 Qxe6 36. Qxf7+ Qxf7 37. Rxf7+ Kc6 38. a4 {[%cal Rg2g6]} Rh6 39. Rgg7 {[%csl Gg7][%cal Rf7c7]} b5 40. Rb7 {Precision: White = 85%, Black = 36%.} 1-0

[Event "Budapest Spring Festival 2018"]
[Site "Budapest"]
[Date "2018.04.24"]
[Round "7"]
[White "Vajda, Levente"]
[Black "Szabo, Marton Mihaly"]
[Result "1-0"]
[WhiteElo "2577"]
[BlackElo "2281"]
[Annotator "TA"]
[PlyCount "81"]
[EventDate "2018.??.??"]
[EventType "swiss"]
[EventCountry "HUN"]
[SourceTitle "playchess.com"]
[Source "ChessBase"]
[SourceQuality "1"]

{[%evp 17,81,20,41,7,36,39,48,47,57,62,72,31,38,19,38,0,25,35,41,-7,23,14,58,61,66,50,90,71,103,98,181,102,87,97,153,126,246,221,236,251,248,133,296,296,285,266,250,246,409,402,454,472,506,489,551,561,633,630,1025,1052,1385,1364,1343,1327,1357,1350]} 1. e4 c5 2. c3 d5 3. exd5 Qxd5 4. d4 Nf6 5. Nf3 e6 6. Be3 cxd4 7. cxd4 Bb4+ 8. Nc3 {B22: Sicilian: 2 c3} O-O 9. Be2 Bd7 {LiveBook: 13 Games} 10. Qd3 {White is slightly better.} Bc6 11. O-O Bxc3 12. bxc3 Nbd7 13. c4 {[#]} Qa5 $146 ({Predecessor:} 13... Qd6 14. Rfd1 Ng4 15. h3 Nxe3 16. Qxe3 {½-½ (23) Howell,D (2606)-Nisipeanu,L (2681) Wijk aan Zee 2010}) 14. Bf4 Rac8 15. Rfc1 Rfd8 16. Bd6 Ne4 17. Be7 $36 {[%cal Bd6e7,Be7h4,Bh4g3][%mdl 2080] White has good play.} Re8 18. Bh4 Qf5 19. Qe3 Nef6 20. h3 h6 21. a4 Qa5 22. Bg3 b6 23. Nd2 Qa6 (23... e5 $16 24. d5 Bxa4) 24. Bd3 (24. c5 $18 Qb7 25. Nc4) 24... Qb7 $16 25. f3 Rcd8 (25... a5 $142 26. Rcb1 Red8) 26. a5 bxa5 (26... Nh5 $16) 27. Rcb1 ({Don't play} 27. Rxa5 $6 Qb6 $16) 27... Nb6 28. Rxa5 Qe7 29. Ne4 (29. Bf4 $18) 29... Nc8 $2 {[#]} (29... Nxe4 $16 {was called for.} 30. fxe4 Qd7) 30. Bh4 $18 Bxe4 31. fxe4 Qd7 32. Bf2 e5 $2 (32... Ne7 33. Ra6 Qc8) 33. d5 Nh5 34. c5 {[%cal Bc4c5,Bc5c6][%mdl 32] White is clearly winning.} Rf8 35. c6 Qc7 36. Ra6 Nb6 37. Bf1 f5 38. Qa3 Nc8 39. Rb7 Qd6 40. Bc5 Qf6 41. c7 {Precision: White = 56%, Black = 24%.} 1-0

[Event "Budapest Spring Festival 2018"]
[Site "Budapest"]
[Date "2018.04.24"]
[Round "7"]
[White "Boruchovsky, Avital"]
[Black "Gupta, Abhijeet"]
[Result "0-1"]
[WhiteElo "2559"]
[BlackElo "2617"]
[Annotator "TA RC"]
[PlyCount "86"]
[EventDate "2018.??.??"]
[EventType "swiss"]
[EventCountry "HUN"]
[SourceTitle "playchess.com"]
[Source "ChessBase"]
[SourceQuality "1"]

{[%evp 15,86,30,6,29,27,4,5,1,4,0,15,18,21,-37,-33,-73,0,0,0,0,4,0,0,0,0,-80,-79,-91,-60,-57,-27,-102,-94,-89,-104,-100,-101,-82,0,-12,-7,-17,-17,-17,-15,-16,-17,-33,-31,-31,-23,-23,-21,-21,-25,-54,-57,-42,-58,-58,-32,-163,-166,-553,-539,-595,-561,-853,-816,-960,-821,-12839,-12839]} 1. Nf3 Nf6 2. c4 g6 3. Nc3 d5 4. cxd5 Nxd5 5. g3 Bg7 6. Bg2 O-O 7. h4 h6 8. O-O {A16: English Opening: 1...Nf6 with ...d5} c5 {LiveBook: 5 Games} 9. d4 $146 ({Predecessor:} 9. Nxd5 Qxd5 10. d4 cxd4 11. Be3 d3 12. Ne1 Qd6 13. Nxd3 Nc6 14. Rc1 Nd4 15. Re1 Rd8 {0-1 (46) Grandelius,N (2645)-Gupta,A (2634) Reykjavik 2016}) 9... cxd4 10. Nxd4 {White has an edge.} Nb6 11. Ndb5 {Qxd8 is the strong threat.} Nc6 12. Bf4 e5 13. Be3 Nd4 14. Bxd4 (14. Qc1 $1 $11) 14... exd4 $15 15. Ne4 Be6 ({Black should try} 15... Bg4 $17) 16. Rc1 $1 $11 Bd5 17. Qd3 Rc8 18. Rxc8 Qxc8 19. b3 ({Much weaker is} 19. Nxd4 Rd8 $17) ({Don't play} 19. Nxa7 Qa8 $17) 19... Rd8 20. Rd1 {[#]} (20. h5 $11 {keeps the balance.}) 20... a6 $1 $36 {[%cal Ra6b5][%mdl 2048] Black is on the roll.} 21. Na3 Qc6 {Strongly threatening ...f5.} 22. Bf3 $1 Nd7 23. Nd2 (23. Nc2 $11 {remains equal.} Qb6 24. Qd2) 23... Ne5 24. Bxd5 Rxd5 25. Qe4 b5 26. Nf3 Qc5 (26... Nxf3+ $17 27. Qxf3 {[#]} d3 $1 {[%mdl 512]} 28. exd3 Bb2) 27. b4 Qd6 28. Nc2 {[%cal Rf3d4]} d3 29. exd3 Rxd3 30. Rxd3 Qxd3 31. Qxd3 Nxd3 $11 {[%mdl 4096] Endgame KBN-KNN} 32. Kf1 Bc3 33. a3 Ne5 34. Ke2 Kf8 35. Nxe5 Bxe5 {KB-KN} 36. Kd3 $1 Ke7 37. Nd4 Kd6 $1 38. Nb3 (38. Ke4 $15) 38... Kd5 $19 39. Nc5 $2 (39. Nd2) 39... Bd4 {Black is clearly winning.} 40. Nxa6 Bxf2 41. Nc7+ Kc6 42. Ne8 Bxg3 43. h5 Be5 {Precision: White = 39%, Black = 89%.} 0-1

[Event "Budapest Spring Festival 2018"]
[Site "Budapest"]
[Date "2018.04.24"]
[Round "7"]
[White "Nguyen, Thai Dai Van"]
[Black "Galyas, Miklos"]
[Result "0-1"]
[WhiteElo "2539"]
[BlackElo "2495"]
[Annotator "TA"]
[PlyCount "76"]
[EventDate "2018.??.??"]
[EventType "swiss"]
[EventCountry "HUN"]
[SourceTitle "playchess.com"]
[Source "ChessBase"]
[SourceQuality "1"]

{[%evp 13,76,45,41,47,44,26,35,29,27,24,21,34,32,31,36,18,27,23,32,31,25,6,0,0,16,0,7,0,12,9,21,0,0,0,12,0,0,0,0,-49,-47,-47,-13,-214,-215,-234,-245,-326,-323,-726,-750,-726,-685,-29989,-429,-748,-291,-283,-282,-418,-404,-1085,-1076,-1021,-994]} 1. e4 d5 2. exd5 Qxd5 3. Nc3 Qd6 4. d4 Nf6 5. Nf3 c6 6. g3 {B01: Scandinavian Defence} (6. h3 Nbd7 7. Bd3 g6 8. O-O Bg7 9. Re1 O-O 10. Qe2 e6 11. Bg5 b6 12. Rad1 Bb7 13. Ne5 c5 14. dxc5 Qxe5 15. Qxe5 Nxe5 16. Rxe5 {1-0 (90) Guseinov,G (2645)-Carlsen,M (2832) chess.com INT 2017}) 6... Bf5 7. Bg2 h6 {LiveBook: 10 Games} 8. Qe2 {White is slightly better.} e6 9. Bf4 Qd8 10. O-O-O $146 {Threatens to win with d5!} ({Predecessor:} 10. O-O Be7 11. Rfd1 O-O 12. Ne5 Nbd7 13. Ne4 Nxe4 14. Bxe4 Bxe4 15. Qxe4 Nxe5 16. Bxe5 {½-½ (26) Schnegg,A (2128)-Villa,G (2011) Innsbruck 2017}) 10... Be7 11. Ne5 Nd5 12. Bd2 Nd7 13. g4 Bh7 $1 14. f4 {[%cal Bf2f4,Bf4f5][%mdl 32]} Nxe5 15. dxe5 Qc7 16. f5 O-O-O 17. Nxd5 cxd5 18. Rhf1 Kb8 19. Kb1 Rc8 20. Bc3 Bc5 21. Rf4 Rhe8 22. Ka1 Red8 23. Kb1 Ka8 24. h4 h5 25. gxh5 f6 26. Rff1 d4 $1 {[%cal Rd4c3]} 27. Be1 Bxf5 28. Bg3 $2 (28. exf6 $11 gxf6 29. Be4) 28... Qb6 $1 $19 29. Rxf5 Ba3 {[%csl Ga3][%cal Rb6b2]} ({Much less strong is} 29... exf5 30. Qd3) 30. b3 exf5 31. e6 $2 {[#]} (31. exf6 d3 32. cxd3) 31... d3 $1 32. cxd3 Qd4 {...Qxd3+! is the strong threat.} 33. Bf1 f4 (33... Qc3 $142 34. Bf4 {[#]} Rxd3 $1 {[%mdl 512]} 35. Re1 Rd4 36. Bc7 Rxc7 37. Bg2 Qc1+ $1 {[%mdl 512]} 38. Rxc1 Rxc1#) 34. Be1 (34. e7 $142 Bxe7 35. Bf2) 34... Bd6 $2 (34... Qc5 35. Qd2 Qxh5) 35. Bf2 Qc3 36. Be1 (36. Qd2 {was the only defense.}) 36... Qc7 {White must now prevent ...Ba3.} 37. d4 (37. Bf2 $142 Ba3 38. Qd2) 37... Ba3 {( -> ...Qc1+!)} 38. Qc4 Qd6 {Precision: White = 38%, Black = 77%.} 0-1

[Event "Budapest Spring Festival 2018"]
[Site "Budapest"]
[Date "2018.04.24"]
[Round "7"]
[White "Aryan Chopra"]
[Black "Kulkarni, Rakesh"]
[Result "1-0"]
[WhiteElo "2523"]
[BlackElo "2390"]
[Annotator "TA"]
[PlyCount "107"]
[EventDate "2018.??.??"]
[EventType "swiss"]
[EventCountry "HUN"]
[SourceTitle "playchess.com"]
[Source "ChessBase"]
[SourceQuality "1"]

{[%evp 16,107,73,54,51,20,48,0,44,13,13,18,25,0,0,0,0,0,31,36,28,23,31,-29,-29,-44,-25,-28,-30,-35,-31,-54,-47,-39,-35,-88,0,0,0,0,0,0,0,0,0,0,0,0,0,0,0,3,266,50,106,2,3,6,97,99,100,0,0,0,120,101,126,129,327,316,344,206,241,230,342,364,357,314,528,527,511,509,1723,1574,1746,1778,2122,1394,12844,12845,12845,12845,12846,12846]} 1. e4 c6 2. d4 d5 3. e5 c5 4. dxc5 Nc6 5. f4 (5. a3 Nxe5 6. b4 Nf6 7. Bb2 Nc6 8. Nf3 g6 9. Nc3 d4 10. Nb5 e5 11. Qe2 Bg4 12. O-O-O Bh6+ {1-0 (48) Nepomniachtchi,I (2751)-Navara,D (2737) Saint Louis 2017}) 5... e6 6. Be3 {B12: Caro-Kann: Advance Variation} d4 7. Bf2 Bxc5 8. a3 Nh6 9. Nd2 {LiveBook: 4 Games} O-O 10. b4 $146 ({Predecessor:} 10. Bd3 f6 11. Qh5 fxe5 12. Ngf3 Rxf4 13. Ng5 {1-0 (33) Atabayev,M (2512)-Bellia,F (2439) Budapest 2017}) 10... Bb6 11. Nc4 f6 {Strongly threatening ...fxe5.} 12. b5 Ba5+ 13. Nxa5 Qxa5+ 14. Qd2 Qxd2+ 15. Kxd2 Ng4 16. Bg3 Ne7 17. exf6 Nxf6 18. Bd3 Nf5 19. Ne2 ({White should try} 19. Nf3 $14) 19... b6 $36 {[%mdl 2048] Black has some pressure.} 20. Bf2 Bb7 21. Rhg1 Ng4 22. Bxd4 Nxd4 23. Nxd4 Rxf4 24. Nxe6 Rf2+ 25. Kc3 Ne5 (25... Nxh2 26. Rad1 $11) (25... Bxg2 26. Rae1 $11) (25... Rc8+ $17 26. Kd4 Rf7) 26. Raf1 Nxd3 27. Kxd3 Rxf1 28. Rxf1 {[%mdl 4096] Endgame KRB-KRN} Re8 29. Nd4 Bxg2 30. Rf4 g5 31. Rg4 Bf1+ 32. Kd2 Re5 33. a4 a6 $2 {[%mdl 8192] [#]} (33... h6 $11 {and Black stays safe.}) 34. Nf3 $2 (34. a5 $1 $18 {[%mdl 512]}) 34... Rf5 (34... Re2+ $14 35. Kd1 Rg2 36. Rxg2 (36. Rxg5+ Rxg5 37. Nxg5 axb5 $11) 36... Bxg2 37. Nxg5 axb5) 35. Nxg5 (35. Rxg5+ $6 Rxg5 36. Nxg5 axb5 $11) (35. bxa6 $1 $16 Bxa6 36. Rxg5+ Rxg5 37. Nxg5) 35... axb5 36. Ne6+ Kf7 (36... Kh8 $1 $11) 37. Nd4 $1 $16 {[%cal Rd4f5]} Rd5 38. Kc3 (38. axb5 $6 Bxb5 39. Ke3 Bd7 $11) (38. Rf4+ $16 Kg6 39. Kc3) 38... Rc5+ $11 39. Kb2 {Rf4+ is the strong threat.} Rd5 (39... Kf6 $11 {keeps the balance.}) 40. Rf4+ $16 (40. Nxb5 $6 Bxb5 41. axb5 Rxb5+ 42. Kc3 Rh5 $11) 40... Kg6 {[#]} 41. Kc3 $1 ({But not} 41. Rxf1 $6 Rxd4 42. Rg1+ (42. axb5 Rb4+ 43. Kc3 Rxb5 $11) 42... Kf6 $11) (41. axb5 $6 Bxb5 42. Rg4+ Kf6 $11) 41... Rc5+ $2 (41... Bc4 $16) 42. Kb4 $18 Bh3 43. axb5 (43. a5 $142) 43... h5 44. c4 {Threatens to win with Rf8.} Rg5 (44... Rc8 $142 45. Nc6 Kg5) 45. Nf3 Rc5 46. Rd4 Be6 $2 (46... Kf7 47. Rd6 Rf5) 47. Nd2 {White is clearly winning.} Re5 48. Rd6 h4 (48... Kf7 $142 49. Rxb6 Re2) 49. Nf3 Re4 50. Nd4 Kf7 51. Nxe6 {Threatening mate with Ng5+.} Rxe6 52. Rxe6 Kxe6 53. c5 {[%cal Bc4c5,Bc5c6][%mdl 32]} Kd7 {[#]} 54. c6+ $1 {Precision: White = 64%, Black = 36%.} ({And not} 54. cxb6 Kc8 $11) 1-0

[Event "Budapest Spring Festival 2018"]
[Site "Budapest"]
[Date "2018.04.24"]
[Round "7"]
[White "Repka, Christopher"]
[Black "Zhigalko, Sergei"]
[Result "1/2-1/2"]
[WhiteElo "2521"]
[BlackElo "2608"]
[Annotator "TA"]
[PlyCount "60"]
[EventDate "2018.??.??"]
[EventType "swiss"]
[EventCountry "HUN"]
[SourceTitle "playchess.com"]
[Source "ChessBase"]
[SourceQuality "1"]

{[%evp 13,60,11,16,0,2,-4,-4,-5,7,-26,7,8,8,0,7,7,8,0,23,-22,10,0,25,0,0,-32,-31,-51,-50,-63,-31,-31,-31,-40,-41,-34,-36,-32,-9,-12,0,0,0,0,0,0,0,0,0]} 1. Nf3 d5 2. g3 c6 3. Bg2 Bg4 4. O-O e6 5. h3 Bh5 6. d3 {A07: Réti Opening: New York and Capablanca Systems} Bd6 7. c4 Ne7 {LiveBook: 3 Games} 8. Qb3 $146 ({Predecessor:} 8. Nc3 O-O 9. Qb3 Nd7 10. d4 Qb6 11. Rd1 Qxb3 12. axb3 Bxf3 13. Bxf3 {1-0 (66) Kramnik,V (2808)-Jobava,B (2707) Leuven 2017}) 8... Qb6 9. Be3 {[%cal Bc1e3,Be3d4,Bd4c3][%mdl 32]} Qxb3 10. axb3 a6 11. Bd4 O-O 12. Bc3 Nd7 {[%cal Bb8d7,Bd7f6,Bf6e4][%mdl 32]} 13. d4 Bxf3 14. Bxf3 f5 15. Nd2 Nf6 16. Bg2 Ne4 17. e3 Rf7 18. Rfe1 g5 19. Re2 Raf8 20. Nf1 h5 21. Nd2 Ng6 22. Nxe4 fxe4 23. b4 g4 24. Be1 gxh3 25. Bxh3 Rf6 26. b5 {The position is equal.} axb5 27. cxb5 cxb5 28. Ra5 Nh8 29. Rxb5 Nf7 30. Rxb7 Ng5 {Precision: White = 45%, Black = 64%.} 1/2-1/2